000 00503nam a22001817a 4500
005 20251108175154.0
008 250721s2001 xx 000 0 ara d
082 1 4 _a664.82/عمر
100 1 _aعمرو، عايد شاكر
245 1 0 _aحفظ و تصنيع الاغذية /
250 _aط2.
264 1 _aعمان :
_bجامعة لقدس المفتوحة،
_c2001.
300 _a392ص.
650 1 7 _aحفظ الاغذية
650 1 7 _aالتعليب
942 _2ddc
_cBK
999 _c127859
_d127859